Score 0/30 Timer 12:00
0 Plays Today
% Correct
Would it stun you to learn I like foods in reverse?
72.7%
Some filberts or cashews will help lift the curse.
72.7%
EDAM
72.7%
Though bandaged (because of outrageous misfortune)
67.9%
I still can cook hash, so I'll serve you a portion.
67.9%
HUMERUS
67.9%
PUPIL
65.7%
What comes after contact and might be convex?
65.7%
Now focus your effort: this quest is complex.
65.7%
In the middle of Athens, if time will allow,
64%
This word's often partnered with “if” and with “now.”
63.9%
HOMER
63.9%
NUTS
62%
As Syngman and public conveyances found.
61.5%
My pictures are puzzles: each image a sound,
61.5%
% Correct
CLAY
61.5%
LENS
57.7%
THEN
51.2%
As actresses Helen and Bonnie suggest,
29.4%
If I can't grow my food, then I'll go on a quest.
29.4%
PARSLEY
29.4%
REBUSES
28.2%
HUNT
26.7%
SLING
23.5%
But need I remind you? They're missing the SUN:
17.2%
LENS NUTS THEN REBUSES SLING HUNT
17.2%
Every bit of it's gone, 'til the curse is undone.
17.2%
The villagers thank you and bid you farewell.
15.4%
☼ ☼ ☼   LET THERE BE LIGHT !   ☼ ☼ ☼
15.3%
The sun fills the sky, for you've broken the spell!
15.3%

You're not logged in!

Compare scores with friends on all Sporcle quizzes.
OR
Log In

Sporcle TV

Today on Sporcle TV


Watch our educational content, quiz creation guides, and fun videos on Sporcle TV.

Show Comments

Extras

Top Quizzes Today


Score Distribution

Paid Content

Your Account Isn't Verified!

In order to create a playlist on Sporcle, you need to verify the email address you used during registration. Go to your Sporcle Settings to finish the process.

Report this User

Report this user for behavior that violates our Community Guidelines.

Details: